[Event "ODJM B 2024"]
[Site "Willingen GER"]
[Date "2024.05.24"]
[Round "8"]
[White "Tran, Minh Dat"]
[Black "Tomi, Emilian"]
[Result "1/2-1/2"]
[Termination "normal"]
[Board "8"]
[WhiteElo "1731"]
[BlackElo "1649"]
[WhiteClock "00:23:09"]
[BlackClock "00:24:59"]
[PlyCount "121"]
[WhiteFideId "16244702"]
[BlackFideId "34651829"]
[EventCountry "GER"]
[EventRounds "9"]
[EventType "swiss"]
[EventDate "2024.05.18"]

1. c4 {[%clk 01:30:59]} e5 {[%clk 01:30:57]} {[%emt 00:00:04]} 2. g3 {[%clk
01:31:25]} {[%emt 00:00:03]} c6 {[%clk 01:31:24]} {[%emt 00:00:04]} 3. e4
{[%clk 01:31:42]} {[%emt 00:00:13]} d5 {[%clk 01:23:04]} {[%emt 00:08:49]} 4.
cxd5 {[%clk 01:25:21]} {[%emt 00:06:52]} cxd5 {[%clk 01:23:24]} {[%emt
00:00:10]} 5. exd5 {[%clk 01:17:39]} {[%emt 00:08:12]} Qxd5 {[%clk 01:23:12]}
{[%emt 00:00:42]} 6. Nf3 {[%emt 00:03:22]} Nc6 {[%clk 01:17:25]} {[%emt
00:06:16]} 7. Nc3 {[%clk 01:14:21]} {[%emt 00:00:56]} Qd8 {[%clk 01:14:42]}
{[%emt 00:03:13]} 8. Bg2 {[%clk 01:12:08]} {[%emt 00:02:43]} Be6 {[%clk
01:09:49]} {[%emt 00:05:24]} 9. O-O {[%clk 01:11:14]} {[%emt 00:01:24]} f6
{[%clk 01:01:59]} {[%emt 00:08:20]} 10. Re1 {[%clk 01:09:31]} {[%emt 00:02:14]}
Bc5 {[%clk 01:00:43]} {[%emt 00:01:45]} 11. a3 {[%clk 01:03:33]} {[%emt
00:06:28]} Nge7 {[%clk 00:59:48]} {[%emt 00:01:25]} 12. b4 {[%clk 01:03:56]}
{[%emt 00:00:08]} Bb6 {[%clk 00:55:24]} {[%emt 00:04:54]} 13. b5 {[%clk
00:53:54]} {[%emt 00:10:32]} Nd4 {[%clk 00:55:26]} {[%emt 00:00:27]} 14. Nxd4
{[%clk 00:36:00]} {[%emt 00:18:25]} Qxd4 {[%clk 00:55:14]} {[%emt 00:00:42]}
15. Qf3 {[%clk 00:35:35]} {[%emt 00:00:54]} O-O {[%clk 00:46:51]} {[%emt
00:08:52]} 16. Rb1 {[%clk 00:31:13]} {[%emt 00:04:53]} Bg4 {[%clk 00:42:15]}
{[%emt 00:05:06]} 17. Qe3 {[%clk 00:27:56]} {[%emt 00:03:47]} Qd7 {[%clk
00:41:33]} {[%emt 00:01:12]} 18. Qe4 {[%clk 00:27:52]} {[%emt 00:00:34]} Rab8
{[%clk 00:41:06]} {[%emt 00:00:57]} 19. Rb4 {[%clk 00:16:20]} {[%emt 00:12:02]}
Be6 {[%clk 00:35:21]} {[%emt 00:06:15]} 20. Qe2 {[%clk 00:07:57]} {[%emt
00:08:54]} Nf5 {[%emt 00:06:48]} 21. Na4 {[%clk 00:03:37]} {[%emt 00:04:49]}
Nd4 {[%clk 00:16:22]} {[%emt 00:13:11]} 22. Qe4 {[%clk 00:03:46]} {[%emt
00:00:22]} Rfd8 {[%clk 00:14:25]} {[%emt 00:02:27]} 23. Nxb6 {[%clk 00:01:55]}
{[%emt 00:02:21]} axb6 {[%clk 00:14:46]} {[%emt 00:00:08]} 24. Qd3 {[%clk
00:00:34]} {[%emt 00:01:52]} Bd5 {[%clk 00:14:10]} {[%emt 00:01:06]} 25. Bb2
{[%clk 00:00:36]} {[%emt 00:00:27]} Bxg2 {[%clk 00:14:09]} {[%emt 00:00:30]}
26. Kxg2 {[%clk 00:00:32]} {[%emt 00:00:36]} Qd5+ {[%clk 00:14:24]} {[%emt
00:00:15]} 27. f3 {[%clk 00:00:35]} {[%emt 00:00:28]} Ne6 {[%clk 00:11:45]}
{[%emt 00:03:08]} 28. Qxd5 {[%clk 00:00:44]} {[%emt 00:00:20]} Rxd5 {[%clk
00:12:08]} {[%emt 00:00:07]} 29. Bc3 {[%clk 00:00:45]} {[%emt 00:00:30]} Ra8
{[%clk 00:10:53]} {[%emt 00:01:45]} 30. f4 {[%clk 00:00:45]} {[%emt 00:00:30]}
Nc5 {[%clk 00:10:47]} {[%emt 00:00:35]} 31. Re3 {[%clk 00:00:32]} {[%emt
00:00:43]} e4 {[%clk 00:10:51]} {[%emt 00:00:26]} 32. a4 {[%clk 00:00:35]}
{[%emt 00:00:28]} f5 {[%clk 00:10:52]} {[%emt 00:00:28]} 33. Bd4 {[%clk
00:00:35]} {[%emt 00:00:30]} Rad8 {[%clk 00:06:01]} {[%emt 00:05:21]} 34. Bc3
{[%clk 00:00:43]} {[%emt 00:00:22]} Kf7 {[%clk 00:03:37]} {[%emt 00:02:54]} 35.
Kf1 {[%clk 00:00:35]} {[%emt 00:00:38]} g6 {[%clk 00:02:55]} {[%emt 00:01:12]}
36. h3 {[%clk 00:00:35]} {[%emt 00:00:30]} Nd3 {[%clk 00:01:12]} {[%emt
00:02:13]} 37. Rc4 {[%clk 00:00:35]} {[%emt 00:00:30]} Rc5 {[%clk 00:01:23]}
{[%emt 00:00:19]} 38. Rxc5 {[%clk 00:00:32]} {[%emt 00:00:34]} Nxc5 {[%clk
00:01:10]} {[%emt 00:00:42]} 39. a5 {[%clk 00:01:01]} {[%emt 00:00:02]} bxa5
{[%clk 00:01:18]} {[%emt 00:00:22]} 40. Bxa5 {[%clk 00:01:07]} {[%emt
00:00:24]} Rd3 {[%clk 00:01:41]} {[%emt 00:00:06]} 41. Ke2 {[%clk 00:27:43]}
{[%emt 00:03:54]} Ke6 {[%clk 00:31:34]} {[%emt 00:00:37]} 42. Rxd3 {[%clk
00:25:01]} {[%emt 00:03:12]} Nxd3 {[%clk 00:31:48]} {[%emt 00:00:16]} 43. Ke3
{[%clk 00:24:14]} {[%emt 00:01:17]} Kd5 {[%clk 00:31:33]} {[%emt 00:00:45]} 44.
Bd8 {[%clk 00:24:18]} {[%emt 00:00:26]} Kc4 {[%clk 00:30:04]} {[%emt 00:01:59]}
45. b6 {[%clk 00:24:38]} {[%emt 00:00:11]} Kd5 {[%clk 00:30:16]} {[%emt
00:00:17]} 46. g4 {[%clk 00:24:15]} {[%emt 00:00:53]} Nb2 {[%clk 00:30:20]}
{[%emt 00:00:26]} 47. gxf5 {[%clk 00:22:45]} {[%emt 00:02:00]} gxf5 {[%clk
00:30:41]} {[%emt 00:00:09]} 48. h4 {[%clk 00:22:00]} {[%emt 00:01:16]} h5
{[%clk 00:30:49]} {[%emt 00:00:22]} 49. Ke2 {[%clk 00:21:49]} {[%emt 00:00:41]}
Kc5 {[%clk 00:29:38]} {[%emt 00:01:40]} 50. Bc7 {[%clk 00:21:21]} {[%emt
00:00:58]} Nc4 {[%clk 00:28:20]} {[%emt 00:01:48]} 51. d3 {[%clk 00:21:46]}
{[%emt 00:00:05]} exd3+ {[%clk 00:28:26]} {[%emt 00:00:23]} 52. Kxd3 {[%clk
00:22:13]} {[%emt 00:00:04]} Nxb6 {[%clk 00:28:44]} {[%emt 00:00:12]} 53. Bxb6+
{[%clk 00:22:01]} {[%emt 00:00:42]} Kxb6 {[%clk 00:29:07]} {[%emt 00:00:07]}
54. Kd4 {[%clk 00:22:30]} {[%emt 00:00:01]} Kc6 {[%clk 00:28:47]} {[%emt
00:00:51]} 55. Ke5 {[%clk 00:22:57]} {[%emt 00:00:03]} b5 {[%clk 00:29:03]}
{[%emt 00:00:14]} 56. Kxf5 {[%clk 00:23:19]} {[%emt 00:00:08]} b4 {[%clk
00:28:53]} {[%emt 00:00:40]} 57. Ke4 {[%clk 00:21:45]} {[%emt 00:02:04]} b3
{[%clk 00:29:13]} {[%emt 00:00:09]} 58. Kd3 {[%clk 00:22:12]} {[%emt 00:00:03]}
Kd5 {[%clk 00:24:53]} {[%emt 00:04:51]} 59. Kc3 {[%clk 00:22:21]} {[%emt
00:00:21]} Ke4 {[%clk 00:24:47]} {[%emt 00:00:35]} 60. Kxb3 {[%clk 00:22:46]}
{[%emt 00:00:05]} Kxf4 {[%clk 00:24:59]} {[%emt 00:00:18]} 61. Kc2 {[%clk
00:23:09]} {[%emt 00:00:08]} 1/2-1/2

[Event "ODJM B 2024"]
[Site "Willingen GER"]
[Date "2024.05.24"]
[Round "8"]
[White "Fischer, Lorenz"]
[Black "Lieb, Max"]
[Result "1-0"]
[Termination "normal"]
[Board "9"]
[WhiteElo "1714"]
[BlackElo "1662"]
[WhiteClock "00:54:49"]
[BlackClock "01:13:18"]
[PlyCount "27"]
[WhiteFideId "16296710"]
[BlackFideId "34630651"]
[EventCountry "GER"]
[EventRounds "9"]
[EventType "swiss"]
[EventDate "2024.05.18"]

1. d4 {[%clk 01:30:58]} {[%emt 00:00:02]} Nf6 {[%clk 01:30:53]} {[%emt
00:00:07]} 2. Nf3 {[%clk 01:31:24]} {[%emt 00:00:04]} d5 {[%clk 01:31:17]}
{[%emt 00:00:06]} 3. e3 {[%clk 01:31:50]} {[%emt 00:00:04]} c5 {[%clk
01:31:41]} {[%emt 00:00:05]} 4. b3 {[%clk 01:32:09]} {[%emt 00:00:12]} Nc6
{[%clk 01:31:18]} {[%emt 00:00:53]} 5. Bb2 {[%clk 01:32:28]} {[%emt 00:00:12]}
Bf5 {[%clk 01:31:33]} {[%emt 00:00:14]} 6. c4 {[%clk 01:31:07]} {[%emt
00:01:52]} cxd4 {[%clk 01:29:26]} {[%emt 00:02:36]} 7. Nxd4 {[%clk 01:29:42]}
{[%emt 00:01:55]} Nxd4 {[%clk 01:28:09]} {[%emt 00:01:47]} 8. Qxd4 {[%clk
01:26:41]} {[%emt 00:03:31]} e6 {[%clk 01:26:54]} {[%emt 00:01:45]} 9. cxd5
{[%clk 01:24:12]} {[%emt 00:03:00]} Qxd5 {[%clk 01:21:02]} {[%emt 00:06:21]}
10. Qa4+ {[%clk 01:20:51]} {[%emt 00:03:51]} Nd7 {[%clk 01:17:07]} {[%emt
00:04:25]} 11. Nc3 {[%clk 01:15:49]} {[%emt 00:05:32]} Qc5 {[%clk 01:15:31]}
{[%emt 00:02:07]} 12. Bb5 {[%clk 01:05:21]} {[%emt 00:10:58]} Rd8 {[%clk
01:15:04]} {[%emt 00:00:55]} 13. e4 {[%clk 00:56:39]} {[%emt 00:09:12]} a6
{[%clk 01:13:18]} {[%emt 00:02:17]} 14. Bxd7+ {[%clk 00:54:49]} {[%emt
00:02:20]} 1-0

[Event "ODJM B 2024"]
[Site "Willingen GER"]
[Date "2024.05.24"]
[Round "8"]
[White "He, Saiqi"]
[Black "Wildermuth, Nikolas Karl"]
[Result "0-1"]
[Termination "normal"]
[Board "10"]
[WhiteElo "1659"]
[BlackElo "1777"]
[WhiteClock "00:07:30"]
[BlackClock "00:13:46"]
[PlyCount "76"]
[WhiteFideId "16292723"]
[BlackFideId "16244699"]
[EventCountry "GER"]
[EventRounds "9"]
[EventType "swiss"]
[EventDate "2024.05.18"]

1. e4 {[%clk 01:30:58]} d6 {[%clk 01:30:51]} {[%emt 00:00:10]} 2. d4 {[%clk
01:30:29]} {[%emt 00:01:00]} g6 {[%clk 01:31:10]} {[%emt 00:00:10]} 3. Nf3
{[%clk 01:30:31]} {[%emt 00:00:28]} Bg7 {[%clk 01:31:34]} {[%emt 00:00:06]} 4.
Be3 {[%clk 01:30:43]} {[%emt 00:00:19]} Nd7 {[%clk 01:31:26]} {[%emt 00:00:38]}
5. c3 {[%clk 01:30:04]} {[%emt 00:01:08]} e5 {[%clk 01:28:49]} {[%emt
00:03:07]} 6. Bc4 {[%clk 01:29:04]} {[%emt 00:01:30]} Ne7 {[%clk 01:27:03]}
{[%emt 00:02:16]} 7. Qb3 {[%clk 01:28:45]} {[%emt 00:00:50]} O-O {[%clk
01:25:26]} {[%emt 00:02:06]} 8. h4 {[%clk 01:17:29]} {[%emt 00:11:45]} Nc6
{[%clk 01:22:29]} {[%emt 00:03:27]} 9. Ng5 {[%clk 01:04:31]} {[%emt 00:13:28]}
Qe7 {[%clk 01:18:14]} {[%emt 00:04:46]} 10. d5 {[%clk 01:03:23]} {[%emt
00:01:38]} Na5 {[%clk 01:12:46]} {[%emt 00:05:58]} 11. Qb5 {[%clk 01:00:35]}
{[%emt 00:03:18]} Nxc4 {[%clk 01:12:11]} {[%emt 00:01:05]} 12. Qxc4 {[%clk
01:00:55]} {[%emt 00:00:08]} Nf6 {[%clk 01:07:49]} {[%emt 00:04:53]} 13. Na3
{[%clk 00:53:17]} {[%emt 00:08:10]} a6 {[%clk 01:05:10]} {[%emt 00:03:09]} 14.
Nc2 {[%clk 00:51:35]} {[%emt 00:02:11]} h6 {[%clk 01:02:17]} {[%emt 00:03:22]}
15. Nf3 {[%clk 00:50:53]} {[%emt 00:01:12]} b5 {[%clk 00:56:47]} {[%emt
00:06:01]} 16. Qd3 {[%clk 00:50:08]} {[%emt 00:01:13]} Nxe4 {[%clk 00:48:06]}
{[%emt 00:09:13]} 17. Qxe4 {[%clk 00:47:46]} {[%emt 00:02:51]} Bf5 {[%clk
00:46:15]} {[%emt 00:02:21]} 18. Qb4 {[%clk 00:47:08]} {[%emt 00:01:09]} Bxc2
{[%clk 00:45:55]} {[%emt 00:00:50]} 19. Kd2 {[%clk 00:40:39]} {[%emt 00:06:59]}
Bf5 {[%clk 00:44:50]} {[%emt 00:01:34]} 20. Rae1 {[%clk 00:39:24]} {[%emt
00:01:44]} Bd7 {[%clk 00:42:14]} {[%emt 00:03:07]} 21. Kc1 {[%clk 00:37:42]}
{[%emt 00:02:13]} Rfb8 {[%clk 00:38:20]} {[%emt 00:04:23]} 22. Qb3 {[%clk
00:33:07]} {[%emt 00:05:02]} c5 {[%clk 00:31:25]} {[%emt 00:07:29]} 23. dxc6
{[%clk 00:33:05]} {[%emt 00:00:32]} Be6 {[%clk 00:29:45]} {[%emt 00:02:09]} 24.
Qc2 {[%clk 00:32:43]} {[%emt 00:00:53]} Rc8 {[%clk 00:27:14]} {[%emt 00:03:01]}
25. Qd2 {[%clk 00:30:12]} {[%emt 00:03:00]} h5 {[%clk 00:25:34]} {[%emt
00:02:10]} 26. Ng5 {[%clk 00:26:06]} {[%emt 00:04:35]} Rxc6 {[%clk 00:24:55]}
{[%emt 00:01:11]} 27. Nxe6 {[%clk 00:26:04]} {[%emt 00:00:32]} Qxe6 {[%clk
00:25:17]} {[%emt 00:00:08]} 28. Kb1 {[%clk 00:26:23]} {[%emt 00:00:10]} Rb8
{[%clk 00:23:43]} {[%emt 00:02:05]} 29. Rd1 {[%clk 00:23:01]} {[%emt 00:03:52]}
a5 {[%clk 00:22:20]} {[%emt 00:01:54]} 30. Rc1 {[%clk 00:20:21]} {[%emt
00:03:09]} d5 {[%clk 00:19:08]} {[%emt 00:03:42]} 31. Rhd1 {[%clk 00:18:51]}
{[%emt 00:02:00]} Rd8 {[%clk 00:19:07]} {[%emt 00:00:31]} 32. g3 {[%clk
00:18:13]} {[%emt 00:01:07]} Bf6 {[%clk 00:19:00]} {[%emt 00:00:38]} 33. Rc2
{[%clk 00:12:52]} {[%emt 00:05:50]} Rc4 {[%clk 00:17:17]} {[%emt 00:02:13]} 34.
Bg5 {[%clk 00:10:06]} {[%emt 00:03:16]} Bxg5 {[%clk 00:16:31]} {[%emt
00:01:17]} 35. Qxg5 {[%clk 00:10:25]} {[%emt 00:00:11]} Rdc8 {[%clk 00:16:01]}
{[%emt 00:01:00]} 36. Rcd2 {[%clk 00:09:52]} {[%emt 00:00:58]} d4 {[%clk
00:14:22]} {[%emt 00:02:15]} 37. cxd4 {[%clk 00:09:26]} {[%emt 00:00:56]} exd4
{[%clk 00:13:51]} {[%emt 00:01:00]} 38. Qxb5 {[%clk 00:07:30]} {[%emt
00:02:25]} Qe4+ {[%clk 00:13:46]} {[%emt 00:00:36]} 0-1

[Event "ODJM B 2024"]
[Site "Willingen GER"]
[Date "2024.05.24"]
[Round "8"]
[White "Averkova, Mariia"]
[Black "Klein, Raphael"]
[Result "0-1"]
[Termination "normal"]
[Board "12"]
[WhiteElo "1608"]
[BlackElo "1673"]
[WhiteClock "00:24:06"]
[BlackClock "01:02:43"]
[PlyCount "64"]
[WhiteFideId "34651470"]
[BlackFideId "16283791"]
[EventCountry "GER"]
[EventRounds "9"]
[EventType "swiss"]
[EventDate "2024.05.18"]

1. d4 {[%clk 01:30:56]} {[%emt 00:00:04]} Nf6 {[%clk 01:30:53]} {[%emt
00:00:08]} 2. Nf3 {[%clk 01:31:20]} {[%emt 00:00:06]} d5 {[%clk 01:31:18]}
{[%emt 00:00:04]} 3. e3 {[%clk 01:31:45]} {[%emt 00:00:06]} Bg4 {[%clk
01:31:43]} {[%emt 00:00:05]} 4. Be2 {[%clk 01:31:50]} {[%emt 00:00:24]} e6
{[%clk 01:32:03]} {[%emt 00:00:11]} 5. a3 {[%clk 01:32:15]} {[%emt 00:00:05]}
c5 {[%clk 01:32:28]} {[%emt 00:00:05]} 6. b3 {[%clk 01:31:40]} {[%emt
00:01:05]} Nc6 {[%clk 01:32:50]} {[%emt 00:00:08]} 7. O-O {[%clk 01:30:44]}
{[%emt 00:01:25]} Be7 {[%clk 01:33:15]} {[%emt 00:00:06]} 8. Bb2 {[%clk
01:30:45]} {[%emt 00:00:29]} Bxf3 {[%clk 01:33:27]} {[%emt 00:00:18]} 9. Bxf3
{[%clk 01:31:00]} {[%emt 00:00:15]} cxd4 {[%clk 01:33:52]} {[%emt 00:00:06]}
10. exd4 {[%clk 01:30:30]} {[%emt 00:00:59]} O-O {[%clk 01:34:14]} {[%emt
00:00:07]} 11. Qd3 {[%clk 01:22:48]} {[%emt 00:08:12]} Ne8 {[%clk 01:32:10]}
{[%emt 00:02:35]} 12. Nd2 {[%clk 01:18:19]} {[%emt 00:04:59]} Bf6 {[%clk
01:32:15]} {[%emt 00:00:25]} 13. Be2 {[%clk 01:17:45]} {[%emt 00:01:05]} Nd6
{[%clk 01:32:12]} {[%emt 00:00:32]} 14. Bg4 {[%clk 01:14:44]} {[%emt 00:03:31]}
Rc8 {[%clk 01:27:25]} {[%emt 00:05:16]} 15. Nf3 {[%clk 01:13:39]} {[%emt
00:01:36]} Qb6 {[%clk 01:17:43]} {[%emt 00:10:12]} 16. Ne5 {[%clk 01:08:44]}
{[%emt 00:05:24]} Rfd8 {[%clk 01:16:04]} {[%emt 00:02:09]} 17. Rfe1 {[%clk
01:02:28]} {[%emt 00:06:47]} Ne4 {[%clk 01:12:10]} {[%emt 00:04:24]} 18. c4
{[%clk 00:52:31]} {[%emt 00:10:26]} Nxe5 {[%clk 01:10:58]} {[%emt 00:01:42]}
19. Qh3 {[%clk 00:38:28]} {[%emt 00:14:34]} Nxg4 {[%clk 01:09:39]} {[%emt
00:01:49]} 20. Qxg4 {[%clk 00:37:28]} {[%emt 00:01:29]} Bxd4 {[%clk 01:08:40]}
{[%emt 00:01:30]} 21. Bxd4 {[%clk 00:36:25]} {[%emt 00:01:32]} Qxd4 {[%clk
01:09:05]} {[%emt 00:00:05]} 22. Qe2 {[%clk 00:35:50]} {[%emt 00:01:05]} Nc3
{[%clk 01:04:42]} {[%emt 00:04:53]} 23. Qc2 {[%clk 00:34:30]} {[%emt 00:01:50]}
dxc4 {[%clk 01:04:15]} {[%emt 00:00:58]} 24. b4 {[%clk 00:33:47]} {[%emt
00:01:12]} Qd3 {[%clk 01:02:50]} {[%emt 00:01:56]} 25. Qb2 {[%clk 00:32:53]}
{[%emt 00:01:23]} Qd2 {[%clk 01:01:44]} {[%emt 00:01:36]} 26. Qxd2 {[%clk
00:32:03]} {[%emt 00:01:20]} Rxd2 {[%clk 01:02:08]} 27. Kf1 {[%clk 00:30:41]}
{[%emt 00:01:58]} Nb5 {[%clk 01:01:06]} {[%emt 00:01:32]} 28. a4 {[%clk
00:29:09]} {[%emt 00:02:02]} Nd4 {[%clk 01:01:24]} {[%emt 00:00:13]} 29. Red1
{[%clk 00:26:54]} {[%emt 00:02:44]} c3 {[%clk 01:01:26]} {[%emt 00:00:28]} 30.
Rac1 {[%clk 00:24:31]} {[%emt 00:02:52]} Rxd1+ {[%clk 01:01:51]} {[%emt
00:00:06]} 31. Rxd1 {[%clk 00:24:46]} {[%emt 00:00:15]} c2 {[%clk 01:02:18]}
{[%emt 00:00:03]} 32. Rc1 {[%clk 00:24:06]} {[%emt 00:01:10]} Nb3 {[%clk
01:02:43]} {[%emt 00:00:05]} 0-1

[Event "ODJM B 2024"]
[Site "Willingen GER"]
[Date "2024.05.24"]
[Round "8"]
[White "Bock, Leonas"]
[Black "Klages, Jonas"]
[Result "0-1"]
[Termination "normal"]
[Board "13"]
[WhiteElo "1603"]
[BlackElo "1693"]
[WhiteClock "00:28:04"]
[BlackClock "00:25:51"]
[PlyCount "102"]
[WhiteFideId "16287118"]
[BlackFideId "34639993"]
[EventCountry "GER"]
[EventRounds "9"]
[EventType "swiss"]
[EventDate "2024.05.18"]

1. e4 {[%clk 01:30:52]} {[%emt 00:00:07]} e6 {[%clk 01:30:58]} {[%emt
00:00:03]} 2. d4 {[%clk 01:31:11]} {[%emt 00:00:10]} d5 {[%clk 01:31:26]}
{[%emt 00:00:02]} 3. exd5 {[%clk 01:31:28]} {[%emt 00:00:13]} exd5 {[%clk
01:31:54]} {[%emt 00:00:03]} 4. Nf3 {[%clk 01:31:39]} {[%emt 00:00:18]} Bd6
{[%clk 01:31:58]} {[%emt 00:00:27]} 5. Bd3 {[%clk 01:26:16]} {[%emt 00:05:53]}
Nf6 {[%clk 01:32:10]} {[%emt 00:00:18]} 6. Qe2+ {[%clk 01:25:54]} {[%emt
00:00:51]} Qe7 {[%clk 01:31:49]} {[%emt 00:00:52]} 7. Qxe7+ {[%clk 01:25:57]}
{[%emt 00:00:26]} Kxe7 {[%emt 00:00:09]} 8. O-O {[%clk 01:26:17]} {[%emt
00:00:09]} Bg4 {[%clk 01:28:04]} {[%emt 00:04:37]} 9. Re1+ {[%clk 01:25:45]}
{[%emt 00:01:03]} Kd8 {[%clk 01:23:58]} {[%emt 00:04:36]} 10. Ne5 {[%clk
01:19:17]} {[%emt 00:06:56]} Be6 {[%clk 01:12:38]} {[%emt 00:11:51]} 11. Nd2
{[%clk 01:06:57]} {[%emt 00:12:50]} Nbd7 {[%clk 01:10:13]} {[%emt 00:02:56]}
12. Ndf3 {[%clk 01:05:10]} {[%emt 00:02:16]} c5 {[%clk 01:08:07]} {[%emt
00:02:38]} 13. c3 {[%clk 00:51:59]} {[%emt 00:13:40]} c4 {[%clk 01:05:32]}
{[%emt 00:03:04]} 14. Bc2 {[%clk 00:52:21]} {[%emt 00:00:08]} h6 {[%clk
01:03:21]} {[%emt 00:02:41]} 15. Re2 {[%clk 00:40:54]} {[%emt 00:11:57]} b5
{[%clk 01:00:38]} {[%emt 00:03:13]} 16. b4 {[%clk 00:38:00]} {[%emt 00:03:25]}
a5 {[%clk 00:59:29]} {[%emt 00:01:39]} 17. bxa5 {[%clk 00:36:56]} {[%emt
00:01:33]} Kc7 {[%clk 00:58:58]} {[%emt 00:01:02]} 18. Nxd7 {[%clk 00:34:01]}
{[%emt 00:03:24]} Nxd7 {[%clk 00:56:11]} {[%emt 00:03:18]} 19. Nh4 {[%clk
00:28:02]} {[%emt 00:06:28]} Rxa5 {[%clk 00:47:27]} {[%emt 00:09:15]} 20. Nf5
{[%clk 00:23:59]} {[%emt 00:04:32]} Bxf5 {[%clk 00:47:05]} {[%emt 00:00:53]}
21. Bxf5 {[%clk 00:24:26]} {[%emt 00:00:03]} Rha8 {[%clk 00:46:53]} {[%emt
00:00:42]} 22. g3 {[%clk 00:22:33]} {[%emt 00:02:22]} Nb6 {[%clk 00:45:41]}
{[%emt 00:01:43]} 23. Bf4 {[%clk 00:18:58]} {[%emt 00:04:05]} Bxf4 {[%clk
00:45:19]} {[%emt 00:00:52]} 24. gxf4 {[%clk 00:19:21]} {[%emt 00:00:06]} Kd6
{[%clk 00:44:20]} {[%emt 00:01:29]} 25. Rb2 {[%clk 00:16:44]} {[%emt 00:03:08]}
Na4 {[%clk 00:35:46]} {[%emt 00:09:04]} 26. Rc2 {[%clk 00:16:58]} {[%emt
00:00:16]} g6 {[%clk 00:35:24]} {[%emt 00:00:52]} 27. Bh3 {[%clk 00:16:15]}
{[%emt 00:01:12]} Nb6 {[%clk 00:34:01]} {[%emt 00:01:54]} 28. Rb2 {[%clk
00:15:31]} {[%emt 00:01:14]} f5 {[%clk 00:30:44]} {[%emt 00:03:46]} 29. f3
{[%clk 00:14:56]} {[%emt 00:01:06]} Nd7 {[%clk 00:27:24]} {[%emt 00:03:49]} 30.
Re2 {[%clk 00:07:03]} {[%emt 00:08:23]} Nf8 {[%clk 00:26:40]} {[%emt 00:01:14]}
31. Kf2 {[%clk 00:06:40]} {[%emt 00:00:54]} Ra3 {[%clk 00:25:07]} {[%emt
00:02:02]} 32. Rc2 {[%clk 00:06:40]} {[%emt 00:00:31]} Ne6 {[%clk 00:24:15]}
{[%emt 00:01:22]} 33. Kg3 {[%clk 00:06:41]} {[%emt 00:00:29]} Ng7 {[%clk
00:24:07]} {[%emt 00:00:38]} 34. Bf1 {[%clk 00:05:18]} {[%emt 00:01:52]} Nh5+
{[%clk 00:24:12]} {[%emt 00:00:26]} 35. Kf2 {[%clk 00:05:47]} {[%emt 00:00:01]}
Nxf4 {[%clk 00:24:32]} {[%emt 00:00:10]} 36. Kg3 {[%clk 00:05:09]} {[%emt
00:01:07]} g5 {[%clk 00:21:09]} {[%emt 00:03:52]} 37. h4 {[%clk 00:04:33]}
{[%emt 00:01:07]} Ke6 {[%clk 00:16:11]} {[%emt 00:05:28]} 38. Bh3 {[%clk
00:01:29]} {[%emt 00:03:33]} Kf6 {[%clk 00:14:10]} {[%emt 00:02:33]} 39. Bf1
{[%clk 00:01:12]} {[%emt 00:00:46]} Ng6 {[%clk 00:13:53]} {[%emt 00:00:47]} 40.
hxg5+ {[%clk 00:01:15]} {[%emt 00:00:27]} hxg5 {[%clk 00:14:12]} {[%emt
00:00:11]} 41. Bh3 {[%clk 00:00:32]} {[%emt 00:01:13]} Ne7 {[%clk 00:05:31]}
{[%emt 00:09:11]} 42. f4 {[%clk 00:30:14]} {[%emt 00:00:48]} g4 {[%clk
00:32:47]} {[%emt 00:03:14]} 43. Bg2 {[%clk 00:30:25]} {[%emt 00:00:18]} b4
{[%clk 00:29:09]} {[%emt 00:04:09]} 44. Kf2 {[%clk 00:29:10]} {[%emt 00:01:45]}
b3 {[%clk 00:28:22]} {[%emt 00:01:17]} 45. Re2 {[%clk 00:29:13]} {[%emt
00:00:26]} Rxa2 {[%clk 00:28:28]} {[%emt 00:00:25]} 46. Rb1 {[%clk 00:28:43]}
{[%emt 00:01:00]} Rxe2+ {[%clk 00:28:29]} {[%emt 00:00:30]} 47. Kxe2 {[%clk
00:29:11]} Ra2+ {[%clk 00:28:47]} {[%emt 00:00:13]} 48. Kf1 {[%clk 00:29:40]}
Rc2 {[%clk 00:28:30]} {[%emt 00:00:47]} 49. Kg1 {[%clk 00:29:17]} {[%emt
00:00:53]} g3 {[%clk 00:26:00]} {[%emt 00:03:00]} 50. Bf1 {[%clk 00:28:23]}
{[%emt 00:01:24]} b2 {[%clk 00:25:47]} {[%emt 00:00:44]} 51. Kh1 {[%clk
00:28:04]} {[%emt 00:00:48]} g2+ {[%clk 00:25:51]} {[%emt 00:00:26]} 0-1